[Event "Navarra-chT"]
[Site "Navarra"]
[Date "2016.10.29"]
[Round "4.2"]
[White "Flores Lazcoz, Jose Luis"]
[Black "Ortega Lopez, Mikel"]
[Result "0-1"]
[WhiteElo "1789"]
[BlackElo "2244"]
[PlyCount "70"]
[EventDate "2016.10.08"]
[EventType "team-tourn"]
[EventRounds "7"]
[EventCountry "ESP"]
[SourceTitle "CBM 175 Extra"]
[Source "ChessBase"]
[SourceDate "2016.12.12"]
[SourceVersion "1"]
[SourceVersionDate "2016.12.12"]
[SourceQuality "1"]
[WhiteTeam "Arrano Elkartea"]
[BlackTeam "Orvina"]
[WhiteTeamCountry "ESP"]
[BlackTeamCountry "ESP"]

1. d4 Nf6 2. Nf3 c5 3. e3 cxd4 4. exd4 d5 5. Bd3 Bg4 6. 0-0 Nc6 7. c3 e6 8. Re1 Bd6 9. Bg5 0-0 10. Nbd2 Qc7 11. h3 Bh5 12. Nf1 Rab8 13. Bh4 b5 14. a3 a5 15. Bg3 Rfc8 16. Bxd6 Qxd6 17. Ng3 Bg6 18. Ne5 Ne7 19. Bxg6 hxg6 20. Nd3 Nd7 21. Qd2 Nc6 22. Rec1 Rb7 23. Ne2 Rcb8 24. Qf4 Qe7 25. Rc2 Qd8 26. Qd6 Rb6 27. Nc5 Nce5 28. Nxd7 Rxd6 29. Nxb8 Nc4 30. b3 Qxb8 31. bxc4 bxc4 32. Raa2 Rb6 33. g3 a4 34. Kg2 Rb3 35. Nc1 Qd6 0-1

[Event "Navarra-chT"]
[Site "Navarra"]
[Date "2016.10.22"]
[Round "3.3"]
[White "Sanchez Carayol, Jesus Carlos"]
[Black "Flores Lazcoz, Jose Luis"]
[Result "1-0"]
[WhiteElo "2114"]
[BlackElo "1789"]
[PlyCount "51"]
[EventDate "2016.10.08"]
[EventType "team-tourn"]
[EventRounds "7"]
[EventCountry "ESP"]
[SourceTitle "CBM 175 Extra"]
[Source "ChessBase"]
[SourceDate "2016.12.12"]
[SourceVersion "1"]
[SourceVersionDate "2016.12.12"]
[SourceQuality "1"]
[WhiteTeam "San Juan"]
[BlackTeam "Arrano Elkartea"]
[WhiteTeamCountry "ESP"]
[BlackTeamCountry "ESP"]

1. e4 c6 2. d4 d5 3. Nc3 dxe4 4. Nxe4 Nd7 5. Nf3 Ngf6 6. Ng3 e6 7. Bc4 Bd6 8. c3 0-0 9. 0-0 Re8 10. a4 a5 11. Re1 Qc7 12. Qe2 Nf8 13. Ne5 Ng6 14. Nh5 Qe7 15. Bg5 h6 16. Bxf6 gxf6 17. Ng4 Nf4 18. Ngxf6+ Kh8 19. Qe4 Ng6 20. Nxe8 Qxe8 21. Qe3 Qf8 22. Bd3 f5 23. Bc4 e5 24. Qg3 Nf4 25. Nxf4 exf4 26. Qg6 1-0

[Event "Navarra-chTA"]
[Site "Pamplona"]
[Date "2015.11.14"]
[Round "6.2"]
[White "Flores Lazcoz, Jose Luis"]
[Black "Rada Equiza, Miguel"]
[Result "0-1"]
[WhiteElo "1765"]
[BlackElo "2278"]
[PlyCount "42"]
[EventDate "2015.10.10"]
[EventType "team-tourn"]
[EventRounds "7"]
[EventCountry "ESP"]
[SourceTitle "CBM 169 Extra"]
[Source "ChessBase"]
[SourceDate "2015.12.18"]
[SourceVersion "1"]
[SourceVersionDate "2015.12.18"]
[SourceQuality "1"]
[WhiteTeam "Arrano Elkartea"]
[BlackTeam "Orvina"]
[WhiteTeamCountry "ESP"]
[BlackTeamCountry "ESP"]

1. d4 b6 2. Nc3 Bb7 3. Bf4 g6 4. e3 Bg7 5. Bd3 Bxg2 6. Be4 Bxh1 7. Bxh1 c6 8. h4 d5 9. Qf3 Nf6 10. 0-0-0 Nbd7 11. e4 e6 12. Nh3 h6 13. Qe2 0-0 14. Qe3 Kh7 15. Bf3 dxe4 16. Nxe4 Nxe4 17. Bxe4 Nf6 18. Bxc6 Rc8 19. Bb7 Nd5 20. Qb3 Nxf4 21. Nxf4 Qc7 0-1

[Event "Navarra-chTA"]
[Site "Pamplona"]
[Date "2015.10.31"]
[Round "4.3"]
[White "Leranoz Zabalza, Adrian"]
[Black "Flores Lazcoz, Jose Luis"]
[Result "1-0"]
[WhiteElo "2064"]
[BlackElo "1765"]
[PlyCount "51"]
[EventDate "2015.10.10"]
[EventType "team-tourn"]
[EventRounds "7"]
[EventCountry "ESP"]
[SourceTitle "CBM 169 Extra"]
[Source "ChessBase"]
[SourceDate "2015.12.18"]
[SourceVersion "1"]
[SourceVersionDate "2015.12.18"]
[SourceQuality "1"]
[WhiteTeam "Paz de Ziganda"]
[BlackTeam "Arrano Elkartea"]
[WhiteTeamCountry "ESP"]
[BlackTeamCountry "ESP"]

1. e4 c6 2. d4 d5 3. f3 Nf6 4. e5 Nfd7 5. Bd3 e6 6. Ne2 c5 7. c3 Nc6 8. f4 g6 9. Nd2 Qb6 10. Nf3 a5 11. h4 h5 12. 0-0 cxd4 13. cxd4 Nb4 14. Bb1 Qa7 15. Nc3 Be7 16. Kh2 Qa6 17. a3 Nc6 18. Bd3 Qb6 19. Be3 Qd8 20. Ng5 b6 21. Qc2 Nf8 22. Nxd5 Bxg5 23. hxg5 Bb7 24. Nf6+ Ke7 25. d5 exd5 26. Bc5+ 1-0